La gran rebelión en los Andes : (Record no. 2009)

000 -CABECERA
fixed length control field 01144nam a22002537a 4500
003 - IDENTIFICADOR DEL NÚMERO DE CONTROL
control field AR-CdUCM
008 - DATOS DE LONGITUD FIJA--INFORMACIÓN GENERAL
fixed length control field 190228b ||||| |||| 00| 0 spa d
020 ## - NÚMERO INTERNACIONAL ESTÁNDAR DEL LIBRO
ISBN 848387024X
020 ## - NÚMERO INTERNACIONAL ESTÁNDAR DEL LIBRO
ISBN 10220879
040 ## - FUENTE DE LA CATALOGACIÓN
Agencia/entidad que catalogó originalmente la obra MUNICIPALIDAD PROVINCIAL DEL CUSCO
Entidad que transcribió la catalogación BIBLIOTECA MUNICIPAL DEL CUSCO
082 ## - NÚMERO DE LA CLASIFICACIÓN DECIMAL DEWEY
No. de Clasificación 983.033 /
Notacion interna O´99
100 ## - ENTRADA PRINCIPAL--NOMBRE DE PERSONA
Nombre Personal O'Phelan Godoy, Scarlett
245 ## - MENCIÓN DE TÍTULO
Título La gran rebelión en los Andes :
Resto del título de Túpac Amaru a Túpac Catari /
260 ## - PUBLICACIÓN, DISTRIBUCIÓN, ETC.
Lugar de publicación, distribución, etc. Cusco :
Nombre de la editorial, distribuidor, etc. Centro de Estudios Regionales Andinos Bartolomé de las Casas,
Fecha de publicación, distribución, etc. 1995.
300 ## - DESCRIPCIÓN FÍSICA
Nº de Páginas Extensión 237 páginas ;
Dimensiones 24 cm.
440 ## - MENCIÓN DE SERIE/PUNTO DE ACCESO ADICIONAL--TÍTULO
Título Archivos de historia andina.
Número de la parte/sección de una obra 20
9 (RLIN) 7307
650 ## - PUNTO DE ACCESO ADICIONAL DE MATERIA--TÉRMINO DE MATERIA
Descriptor Movimientos campesinos
9 (RLIN) 7308
650 ## - PUNTO DE ACCESO ADICIONAL DE MATERIA--TÉRMINO DE MATERIA
Descriptor Historia Perú
9 (RLIN) 4248
650 ## - PUNTO DE ACCESO ADICIONAL DE MATERIA--TÉRMINO DE MATERIA
Descriptor Revolución de Túpac Amaru, 1780-1784
9 (RLIN) 5748
650 ## - PUNTO DE ACCESO ADICIONAL DE MATERIA--TÉRMINO DE MATERIA
Descriptor Historia del Perú siglo XVIII
9 (RLIN) 7309
942 ## - ELEMENTOS DE PUNTO DE ACCESO ADICIONAL (KOHA)
Fuente de clasificación
Tipo de item Libros-BMC
945 ## - PROCESAMIENTO DE INFORMACIÓN LOCAL (OCLC)
Catalogador zta
Holdings
Estado de retiro (separado) Fuente de clasificación o esquema de estanterías Estado dañado Ubicación Sala donde se ubica Nombre de la colección Fecha de adquisición o compra Costo, precio normal en soles Signatura topográfica Código de Barras Última vez visto (Koha) Tipo de ítem (Koha)
No     Sala Humanidades Sala Humanidades Book Cart 2019-02-28 30.00 983.033 / O99 SH0000002433 2019-02-28 Libros-BMC
No     Sala Humanidades Sala Humanidades Book Cart 2019-04-10 30.00 983.033 / O99 / e.2 SH0000010515 2019-04-10 Libros-BMC

Powered by Koha